| 000 | 01553nas a2200277Ia 4500 | ||
|---|---|---|---|
| 001 | R235-R2310 | ||
| 003 | IT-CnALBA | ||
| 008 | 170116c99999999xx |||||||||||| ||und|| | ||
| 040 |
_aIT-CnALBA _cIT-CnALBA |
||
| 041 | _aITALIANO | ||
| 100 | _aMACCARI CARLO, ARCIVESCOVO DI MONDOVI'. | ||
| 210 | _aLA MADONNA | ||
| 222 | _aLA MADONNA | ||
| 245 | 0 |
_aLA MADONNA. N. II. ANNO XIV. MARZO APRILE 1966. RIVISTA DI CULTURA MARIANA. _b RIVISTA DI CULTURA MARIANA |
|
| 250 | _a1a ed. | ||
| 260 |
_a ROMA _bDIVINO AMORE SCUOLA TIPOGRAFICA _c1966 |
||
| 300 | _a48 p. | ||
| 310 | _aBIMESTRALE | ||
| 362 | _aFascicolo: 2 / Anno: 14 (1966) | ||
| 500 | _aSANTUARIO AL SERVIZIO PASTORALE DELLA DIOCESI E DELLA COMUNITÀ PARROCCHIALE. L'OTTAVO CAPITOLO DELLA LUMEN GENTIUM. LUCE DELLE GENTI. MARIA ARCA DELLA NUOVA ALLEANZA. DON EDOARDO POPPE CAVALIERE DELLA MADONNA. MADRE DELLA CHIESA. FESTA LITURGICA DELL'ANNUNZIAZIONE. SACERDOZIO DI MARIA. BIBLIOGRAFIA. PESCE G. DE ROSA M. FRANZI F.M. BERTETTO D. | ||
| 501 | _aSocietà San Paolo EM - Piazza San Paolo, 14 - 12051 ALBA (CN) (non commercial uses only) ® Copyright 2017 | ||
| 520 | _aSANTUARIO AL SERVIZIO PASTORALE DELLA DIOCESI E DELLA COMUNITÀ PARROCCHIALE. L'OTTAVO CAPITOLO DELLA LUMEN GENTIUM. LUCE DELLE GENTI. MARIA ARCA DELLA NUOVA ALLEANZA. DON EDOARDO POPPE CAVALIERE DELLA MADONNA. MADRE DELLA CHIESA. FESTA LITURGICA DELL'ANNUNZIAZIONE. SACERDOZIO DI MARIA. BIBLIOGRAFIA. PESCE G. DE ROSA M. FRANZI F.M. BERTETTO D. | ||
| 650 | _aANGELI SANTI DEMONI | ||
| 942 | _cCR | ||
| 957 | _71 | ||
| 999 |
_a12287 _bNO _g1 _c320384 _d320384 |
||